| 000 | 00590nam a2200169Ia 4500 | ||
|---|---|---|---|
| 008 | 090711s9999 xx 000 0 und d | ||
| 082 | _b71215 | ||
| 100 | _aशेवते अरुण (संपा.) | ||
| 245 | _aउाgऎष्णाकाठSाा माणुस | ||
| 260 | _c1993 | ||
| 300 | _a160 | ||
| 600 | _aशेवते अरुण (संपा.) | ||
| 630 | _aउाgऎष्णाकाठSाा माणुस | ||
| 700 | _aशेवते अरुण (संपा.) | ||
| 730 | _aउाgऎष्णाकाठSाा माणुस | ||
| 942 | _cBOOK | ||
| 999 |
_c292075 _d292075 |
||